Southville International School and Colleges
Your cart is empty.
  • Cart
  • Lists
    Public lists Eva Luna New books Lux_list list_1
    Your lists Log in to create your own lists
  • Log in to your account
  • Your cookies
  • Search history
Southville International School and Colleges
  • Advanced search
  • Recent comments
  • Most popular
  • Libraries

Log in to your account

Log in with GOOGLE


If you do not have an external account, but do have a local account, you can still log in:

  1. Home
  2. MARC view: Entrepreneurship, competitiveness and local development :
Normal view MARC view ISBD view

Entrepreneurship, competitiveness and local development : (Record no. 23296)

[ view plain ]
MARC details
000 -LEADER
fixed length control field 00765nam a2200217 a 4500
005 - DATE AND TIME OF LATEST TRANSACTION
control field 20140310183448.0
008 - FIXED-LENGTH DATA ELEMENTS--GENERAL INFORMATION
fixed length control field 081127s19uu xx 00 eng d
020 ## - INTERNATIONAL STANDARD BOOK NUMBER
International Standard Book Number 9781847203274
050 ## - LIBRARY OF CONGRESS CALL NUMBER
Classification number HB 615
Item number .R48 2007
245 ## - TITLE STATEMENT
Title Entrepreneurship, competitiveness and local development :
Remainder of title frontiers in European entrepreneurship research /
Statement of responsibility, etc edited by Landoli, Luca et al.
260 ## - PUBLICATION, DISTRIBUTION, ETC. (IMPRINT)
Place of publication, distribution, etc United Kingdom :
Name of publisher, distributor, etc Edward Elgar Publishing,
Date of publication, distribution, etc 2007.
300 ## - PHYSICAL DESCRIPTION
Extent 279 p. :
Other physical details 25 cm.
521 ## - TARGET AUDIENCE NOTE
Target audience note
650 ## - SUBJECT ADDED ENTRY--TOPICAL TERM
Topical term or geographic name as entry element Entrepreneurship
General subdivision Research
-- Europe
-- Congresses.
650 ## - SUBJECT ADDED ENTRY--TOPICAL TERM
Topical term or geographic name as entry element New business enterprises
General subdivision Research
-- Europe
-- Congresses.
650 ## - SUBJECT ADDED ENTRY--TOPICAL TERM
Topical term or geographic name as entry element Iandoli, Luca, 1972-.
700 ## - ADDED ENTRY--PERSONAL NAME
Personal name Landstrom, Hans
700 ## - ADDED ENTRY--PERSONAL NAME
Personal name Raffa, Mario
942 ## - ADDED ENTRY ELEMENTS (KOHA)
Koha item type Books
Source of classification or shelving scheme Library of Congress Classification
Call number prefix Foreign
Holdings
Withdrawn status Lost status Source of classification or shelving scheme Damaged status Home library Current library Shelving location Date acquired Source of acquisition Cost, normal purchase price Total Checkouts Total Renewals Full call number Barcode Date last seen Date checked out Copy number Price effective from Koha item type
    Library of Congress Classification   College Library College Library Graduate Section 11/27/2008 Donation 11934.00 1 3 HB 615 .R48 2007 C9961 07/07/2017 06/29/2017 1 10/18/2013 Books

Entrepreneurship, competitiveness and local development :

APA

Landstrom H., Raffa M., . (2007). Entrepreneurship, competitiveness and local development. United Kingdom: Edward Elgar Publishing.

Chicago

Landstrom Hans, Raffa Mario, . 2007. Entrepreneurship, competitiveness and local development. United Kingdom: Edward Elgar Publishing.

Harvard

Landstrom H., Raffa M., . (2007). Entrepreneurship, competitiveness and local development. United Kingdom: Edward Elgar Publishing.

MLA

Landstrom Hans, Raffa Mario, . Entrepreneurship, competitiveness and local development. United Kingdom: Edward Elgar Publishing. 2007.

  • Place hold
  • Print
  • Cite
  • Add to your cart (remove)
  • Save record
    BIBTEX Dublin Core MARCXML MARC (non-Unicode/MARC-8) MARC (Unicode/UTF-8) MARC (Unicode/UTF-8, Standard) MODS (XML) RIS
  • More searches
    Search for this title in:
    Other Libraries (WorldCat) Other Databases (Google Scholar) Online Stores (Bookfinder.com) Open Library (openlibrary.org)

Exporting to Dublin Core...

SOUTHVILLE LIBRARY

Southville International School and Colleges Library

1281 Tropical Ave. Cor. Luxembourg St., BF Homes International, Las Pinas City

Tel. No. 8256374 / 252358 Loc. 117/146

Powered by Koha